000 00439nam a2200181Ia 4500
001 13304
005 20260306164751.0
008 260306t2017||||xx |||||||||||||| ||spa||
041 _aESP
082 _a001.42
_bM95
100 _aMunch Galindo, Lourdes
_eAUT
245 0 _aMétodos y técnicas de investigación
260 _c2017
300 _a176 páginas :
_c23 cm.
650 _aGEN
654 _aCHU
942 _cLIB
_dJUS
_fJUS
_2ddc
_n
999 _c13304
_d13304